| 000 | 01657cam a2200337 4500 | ||
|---|---|---|---|
| 001 | cornerstoneshist00cren | ||
| 003 | CaSfIA | ||
| 005 | 20210117235834.0 | ||
| 007 | cr|||| | ||
| 008 | 690606s1968 txuaceh b 001 0 eng | ||
| 010 | _a 68059594 | ||
| 040 |
_aDLC _cDLC _dOCLCQ _dBTCTA _dCaSfIA |
||
| 035 | _a(OCoLC)3211 | ||
| 050 | 0 | 0 |
_aBX8481.B35 _bF53 |
| 082 | 0 | 0 | _a287/.6764/145 |
| 100 | 1 | _aCrenshaw, Rosa Dieu. | |
| 245 | 1 | 0 |
_aCornerstones; a history of Beaumont and Methodism, 1840-1968, _h[electronic resource] _cby Rosa Dieu Crenshaw and W.W. Ward. |
| 250 | _a[Special limited ed.]. | ||
| 260 |
_aBeaumont, Tex., _bFirst Methodist Church Historical Committee _c[1968] |
||
| 300 |
_axv, 269 p. _billus., facsims., plan, ports. _c24 cm. |
||
| 500 | _a"First written history of the First Methodist Church, prepared for the 1968 cornerstone." | ||
| 504 | _aBibliographical references included in "Authors' notes" (p. 250-253). | ||
| 610 | 1 | 0 |
_aBeaumont, Tex. _bFirst Methodist Church. |
| 700 | 1 |
_aWard, Wendell Whittier, _d1894- _ejoint author. |
|
| 856 | 4 | 1 |
_uhttp://www.archive.org/details/cornerstoneshist00cren _zFree eBook from the Internet Archive |
| 856 | 4 | 2 |
_uhttp://www.openlibrary.org/books/OL5633270M _zAdditional information and access via Open Library |
| 029 | 1 |
_aAU@ _b000026432791 |
|
| 942 | _cEB | ||
| 506 | _fНеобхідна авторизація на https://archive.org/ (створення облікового запису безкоштовно) | ||
| 506 | _fНеобхідна авторизація на https://openlibrary.org/ (створення облікового запису безкоштовно) | ||
| 999 |
_c484419 _d484419 |
||